000 00537nam a2200229Ia 4500
003 OSt
005 20220912153035.0
006 a|||||r|||| 00| 0
007 ta
008 220909b |||||||| |||| 00| 0 eng d
024 _a24293
037 _cTextual
040 _aCSL
_beng
_cCSL
041 _aeng
082 _aB6, J5
100 _aMeserve Bruce E
245 0 _aFundamentals concepts of geometry
260 _c1955
300 _ap.
_ccm.
942 _hB6, J5
_cTEXL
_2CC
999 _c96969
_d96969